Ulterra Ltd v Glenbarr (RTE) Company Ltd (Record no. 107854)

MARC details
000 -LEADER
fixed length control field 02239cad a22002655a 4500
001 - CONTROL NUMBER
control field L142236
008 - FIXED-LENGTH DATA ELEMENTS--GENERAL INFORMATION
fixed length control field 080130s2007 xxk f v f000 0 eng d
035 ## - SYSTEM CONTROL NUMBER
System control number (Sirsi) u142236
041 0# - LANGUAGE CODE
Language code of text/sound track or separate title eng
050 04 - LIBRARY OF CONGRESS CALL NUMBER
Classification number 347.4104 $2 18
245 00 - TITLE STATEMENT
Title Ulterra Ltd v Glenbarr (RTE) Company Ltd
Medium [electronic resource]
260 ## - PUBLICATION, DISTRIBUTION, ETC.
Place of publication, distribution, etc. London
Name of publisher, distributor, etc. Lands Tribunal
Date of publication, distribution, etc. 2007
520 ## - SUMMARY, ETC.
Summary, etc. LRA/149/2006, 13 November 2007. Considers whether a landlord company which claimed to reserve rights for itself after a collective enfranchisement affects the rights offered to nominee purchasers to such extent that it was necessary to include the retained land in the property transfer. The appellant landlord company (U) argued had served a counter notice upon the respondent nominee purchaser (G)'s enfranchisement notice, limiting the extent of the property to be purchased and offering the rights over retained land. The tribunal accepted this notice, but ruled that a yield value of 7% was relevant. U appealed, arguing that a rate of 5% as decided in the Sportelli case (L135153) was appropriate and there was no grounds for deviating from this, and that under the Leasehold Reform, Housing and Urban Development Act 1993 s1(4)(a) the tribunal had no discretion over retention of the land. "Held": G's proposal of the retention of rights created a significant difference in the position obtained by G, so the relevant condition in the Act was not satisfied. The decision to fix the level of yield at the 5% level of the Sportelli case could not be made in an appeal hearing. Appeal dismissed.
521 2# - TARGET AUDIENCE NOTE
Target audience note Advanced
590 ## - LOCAL NOTE (RLIN)
Local note KA
650 24 - SUBJECT ADDED ENTRY--TOPICAL TERM
Topical term or geographic name entry element ULTERRA LTD V GLENBARR (RTE) COMPANY LTD
650 24 - SUBJECT ADDED ENTRY--TOPICAL TERM
Topical term or geographic name entry element SHORTDEAN PLACE (EASTBOURNE) RESIDENTS ASSOCIATION V LYNARI PROPERTIES
650 24 - SUBJECT ADDED ENTRY--TOPICAL TERM
Topical term or geographic name entry element EARL CADOGAN AND ANOTHER V SPORTELLI AND ANOTHER
650 24 - SUBJECT ADDED ENTRY--TOPICAL TERM
Topical term or geographic name entry element ARBIB V EARL CADOGAN
650 24 - SUBJECT ADDED ENTRY--TOPICAL TERM
Topical term or geographic name entry element LEASEHOLD REFORM, HOUSING AND URBAN DEVELOPMENT ACT 1993
651 #4 - SUBJECT ADDED ENTRY--GEOGRAPHIC NAME
Geographic name England and Wales
Chronological subdivision 1543-
690 ## - LOCAL SUBJECT ADDED ENTRY--TOPICAL TERM (OCLC, RLIN)
Topical term or geographic name as entry element PROPERTY-COMMERCIAL PROPERTY-COMMERCIAL LANDLORD AND TENANT-COMMERCIAL LEASES-COMMERCIAL LEASEHOLD ENFRANCHISEMENT
856 40 - ELECTRONIC LOCATION AND ACCESS
Uniform Resource Identifier <a href="https://www.landstribunal.gov.uk/aspx/view.aspx?id=474">https://www.landstribunal.gov.uk/aspx/view.aspx?id=474</a>
Public note View the item free of charge at www.landstribunal.gov.uk...
942 ## - ADDED ENTRY ELEMENTS (KOHA)
Suppress in OPAC 0
Holdings
Withdrawn status Lost status Source of classification or shelving scheme Damaged status Not for loan Home library Current library Shelving location Date acquired Total Checkouts Full call number Barcode Date last seen Copy number Price effective from Koha item type
    Dewey Decimal Classification     Virtual Virtual Online 30/01/2008   ONLINE PUBLICATION 142236-1001 06/08/2019 1 06/08/2019 Law report